=LDR 00000nam 2200000 4500 =001 INLIS000000000033799 =005 20130612135731 =008 ***********************************ind** =035 ##$$a0010-061300000033799 =041 ##$$a ind =082 ##$$a 658.31 =090 ##$$a 658.31, Har,b =100 ##$$a Hariwijaya =245 ##$$a Buku Pintar Psikotes, Hariwijaya =260 ##$$a 2009 $b Yogyakarta =300 ##$$a 196 hlm, Illus, 20 cm =650 ##$$a Psikotes =850 ##$$a NBPNMAT =990 ##$$a 21196535/BPAP-NTB/2014